Natura Carpatica zborník Východoslovenského múzea Prírodné vedy

Bibliographic Details
Previous Title:Zborník Východoslovenského múzea v Košiciach
Other Authors: Fulín, Miroslav, 1951- (Compiler), Ledvák, Peter (Compiler)
Format: Serial
Language:Slovak
Czech
English
PhysicalDescription:zv. fotogr., mp., tab. 24 cm
Published: Košice Východoslovenské múzeum 1995-
ISBN:809670723X (brož. : roč. 36/1995)
8096707256 (brož. : roč. 37/1996)
8096707280 (brož. : roč. 38/1997)
8096707299 (brož. : roč. 39/1998)
8096830406 (brož. : roč. 40/1999)
8096830449 (brož. : roč. 41/2000)
8096830481 (brož. : roč. 42/2001)
8089093027 (brož. : roč. 43/2002)
8089093043 (brož. : roč. 44/2003)
808909306X (brož. : roč. 45/2004)
8089093094 (brož. : roč. 46/2005)
8089093124 (brož. : roč. 47/2006)
8089093168 (brož. : roč. 48/2007)
9788089093199 (brož. : roč. 49/2008)
9788089093236 (brož. : roč. 50/2009)
9788089093274 (brož. : roč. 51/2010)
9788089093281 (brož. : roč. 52/2011)
9788089093311 (brož. : roč. 53/2012)
9788089093342 (brož. : roč. 54/2013)
9788089093397 (brož. : roč. 55/2014)
9788089093403 (brož. : roč. 56/2015)
9788089093434 (brož. : roč. 57/2016)
9788089093489 (brož. : roč. 58/2017)
9788089093533 (brož. : roč. 59/2018)
9788089093571 (brož. : roč. 60/2019)
9788089093663 (brož. : roč. 61-62/2021)
9788089093724 (brož. : roč. 63-64/2023)
9788089093793 (brož. : roč. 65-66/2025)
ISSN:1335-3535
0862-1306
Subjects:

MARC

LEADER 00000cas a2200000 a 4500
001 vtls001473110
005 20260507103622.0
008 040415c19959999xo gr 0 0b0slo
015 |a SNBA1997/0802135 (36/1995)  |a SNBA2000/09-03094 (37/1996)  |a SNBA2000/09-03093 (38/1997)  |a SNBA2000/09-03079 (39/1998)  |a SNBA2002/05-01791 (40/1999)  |a SNBA2002/05-01842 (41/2000)  |a SNBB2005/02-00446 (42/2001)  |a SNBB2005/02-00447 (43/2002)  |a SNBB2008/03-01180 (44/2003)  |a SNBB2008/03-01181 (45/2004)  |a SNBB2008/03-01182 (46/2005)  |a SNBB2008/03-01183 (47/2006)  |a SNBB2008/03-01184 (48/2007)  |a SNBB2013 (51/2010)  |a SNBB2015 (53/2012, 54/2013, 55/2014)  |a SNBB2016 (zv. 56/2015)  |a SNBB2017 (57/2016)  |a SNBB2018 (49/2008, 50/2009, 52/2011, 58/2017)  |a SNBB2024-(61-62/2021, 63-64/2023)  |a SNBB2026-(65-66/2025) 
020 |a 809670723X (brož. : roč. 36/1995) 
020 |a 8096707256 (brož. : roč. 37/1996) 
020 |a 8096707280 (brož. : roč. 38/1997) 
020 |a 8096707299 (brož. : roč. 39/1998) 
020 |a 8096830406 (brož. : roč. 40/1999) 
020 |a 8096830449 (brož. : roč. 41/2000) 
020 |a 8096830481 (brož. : roč. 42/2001) 
020 |a 8089093027 (brož. : roč. 43/2002) 
020 |a 8089093043 (brož. : roč. 44/2003) 
020 |a 808909306X (brož. : roč. 45/2004) 
020 |a 8089093094 (brož. : roč. 46/2005) 
020 |a 8089093124 (brož. : roč. 47/2006) 
020 |a 8089093168 (brož. : roč. 48/2007) 
020 |a 9788089093199 (brož. : roč. 49/2008) 
020 |a 9788089093236 (brož. : roč. 50/2009) 
020 |a 9788089093274 (brož. : roč. 51/2010) 
020 |a 9788089093281 (brož. : roč. 52/2011) 
020 |a 9788089093311 (brož. : roč. 53/2012) 
020 |a 9788089093342 (brož. : roč. 54/2013) 
020 |a 9788089093397 (brož. : roč. 55/2014) 
020 |a 9788089093403 (brož. : roč. 56/2015) 
020 |a 9788089093434 (brož. : roč. 57/2016) 
020 |a 9788089093489 (brož. : roč. 58/2017) 
020 |a 9788089093533 (brož. : roč. 59/2018) 
020 |a 9788089093571 (brož. : roč. 60/2019) 
020 |a 9788089093663 (brož. : roč. 61-62/2021) 
020 |a 9788089093724 (brož. : roč. 63-64/2023) 
020 |a 9788089093793 (brož. : roč. 65-66/2025) 
022 |a 1335-3535 
035 |a SNK000428412 
040 |a SNK  |b slo  |c SNK  |d SVKBB  |d SAVUK  |e AACR2 
041 0 |a slo  |a cze  |a eng  |b eng  |b slo 
044 |a xo  |c SK 
072 7 |a 58  |x Botanika  |2 konspekt 
072 7 |a 59  |x Zoológia  |2 konspekt 
080 |a 59  |2 2001 
080 |a 58  |2 2011 
080 |a (437.6)  |2 2011 
080 |a (082)  |2 2011 
080 |a 5  |2 2011 
210 0 |a Nat. Carp. 
222 0 |a Natura Carpatica 
245 0 0 |a Natura Carpatica  |b zborník Východoslovenského múzea  |p Prírodné vedy 
246 1 0 |a Prírodné vedy 
260 |a Košice  |b Východoslovenské múzeum  |c 1995- 
300 |a zv.  |b fotogr., mp., tab.  |c 24 cm 
310 |a 1x za 2 roky 
321 |a 1x ročne  |b 1995-2019 
362 0 |a 35 (1995)- 
500 |a Vedecký red. a zost.: 1995-LVII/2016, Miroslav Fulín ; LVIII/2017-2025, Peter Ledvák 
500 |a Ročník 50/2009 obsahuje Bibliografiu zborníka Natura Carpatica od roku 1995 do roku 2008 
500 |a R. 2025 má na obale uvedené: 70 Prírodovedný odbor VSM 
504 |a Bibliografia ; autorský reg. 
546 |a Čiast. text čes., angl.; res. angl. a slov. 
610 2 7 |a Východoslovenské múzeum  |2 SNKKA  |9 29561 
650 0 7 |a prírodné vedy  |2 SNKPH  |9 694 
650 0 7 |a zoológia  |2 SNKPH  |9 699 
650 0 7 |a Botany  |2 SNKPHeng  |9 265681 
650 0 7 |a botanika  |2 SNKPH  |9 688 
650 0 7 |a Natural sciences  |2 SNKPHeng  |9 265288 
650 0 7 |a Zoology  |2 SNKPHeng  |9 266278 
655 7 |a zborníky  |2 SNKPH  |9 70165 
655 7 |a Papers of several authors  |2 SNKPHeng  |9 153738 
700 1 |a Fulín, Miroslav,  |d 1951-  |4 red  |4 com  |9 104843 
700 1 |a Ledvák, Peter  |4 red  |4 com  |9 267131 
780 0 0 |t Zborník Východoslovenského múzea v Košiciach  |x 0862-1306  |w vtls010065329 
852 |a Štátna vedecká knižnica v Banskej Bystrici 
916 |a 1995-2007, 51/2010-57/2016, 49/2008-50/2009 + príl., 52/2011, 58/2017 
919 |a 80 967072-3-X 
919 |a 80-967072-5-6 
919 |a 80-967072-8-0 
919 |a 80-967072-9-9 
919 |a 80-968304-0-6 
919 |a 80-968304-4-9 
919 |a 80-968304-8-1 
919 |a 80-89093-02-7 
919 |a 80-89093-04-3 
919 |a 80-89093-06-X 
919 |a 80-89093-09-4 
919 |a 80-89093-12-4 
919 |a 978-80-89093-16-8 
919 |a 978-80-89093-19-9 
919 |a 978-80-89093-23-6 
919 |a 978-80-89093-27-4 
919 |a 978-80-89093-28-1 
919 |a 978-80-89093-31-1 
919 |a 978-80-89093-34-2 
919 |a 978-80-89093-39-7 
919 |a 978-80-89093-40-3 
919 |a 978-80-89093-43-4 
919 |a 978-80-89093-48-9 
919 |a 978-80-89093-53-3 
919 |a 978-80-89093-57-1 
919 |a 978-80-89093-66-3 
919 |a 978-80-89093-72-4 
919 |a 978-80-89093-79-3 
958 |a NB 
999 |c 3363  |d 5293 
952 |a SNK  |b SNK  |y PREZ  |7 0  |p 17A0244350  |o snkČSC 1026/36/1995 D1  |i snkKSP 6584/2000  |8 0  |0 0  |1 0  |4 0  |d 2000-06-30  |l 0  |r 2005-01-02 00:00:00  |w 2026-02-21 
952 |a SNK  |b SNK  |y PREZ  |7 0  |p 17A0244352  |o snkČSC 1026/39/1998  |i snkKSP 6586/2000  |f 1  |0 0  |1 0  |4 0  |d 2000-06-30  |l 0  |r 2005-01-02 00:00:00  |w 2026-02-21 
952 |a SNK  |b SNK  |y PREZ  |7 0  |p 17A0244351  |o snkČSC 1026/37/1996  |i snkKSP 6585/2000  |f 1  |0 0  |1 0  |4 0  |d 2000-06-30  |l 0  |r 2005-01-02 00:00:00  |w 2026-02-21 
952 |a SNK  |b SNK  |y PREZ  |7 0  |p 17A0244354  |o snkČSC 1026/38/1997  |i snkKSP 6587/2000  |f 1  |0 0  |1 0  |4 0  |d 2000-06-30  |l 0  |r 2005-01-02 00:00:00  |w 2026-02-21 
952 |a SNK  |b SNK  |y PREZ  |7 0  |p 17A0416269  |o snkČSC 1026/42/2001  |i snkPV 423/2004  |f 1  |0 0  |1 0  |4 0  |d 2004-04-15  |l 0  |r 2005-01-02 00:00:00  |w 2026-02-21 
952 |a SNK  |b SNK  |y PREZ  |7 0  |p 17A0416270  |o snkČSC 1026/42/2001 D1  |i snkPV 424/2004  |0 0  |1 0  |4 0  |d 2004-04-15  |l 0  |r 2005-01-02 00:00:00  |w 2026-02-21 
952 |a SNK  |b SNK  |y PREZ  |7 0  |p 17A0416271  |o snkČSC 1026/43/2002  |i snkPV 425/2004  |f 1  |0 0  |1 0  |4 0  |d 2004-04-15  |l 0  |r 2005-01-02 00:00:00  |w 2026-02-21 
952 |a SNK  |b SNK  |y PREZ  |7 0  |p 17A0416272  |o snkČSC 1026/43/2002 D1  |i snkPV 426/2004  |0 0  |1 0  |4 0  |d 2004-04-15  |l 0  |r 2005-01-02 00:00:00  |w 2026-02-21 
952 |a SNK  |b SNK  |y PREZ  |7 0  |p 17A0416445  |o snkČSC 1026/44/2003 D1  |i snkPV 655/2004  |0 0  |1 0  |4 0  |d 2004-05-11  |l 0  |r 2005-01-02 00:00:00  |w 2026-02-21 
952 |a SNK  |b SNK  |y PREZ  |7 0  |p 17A1146076  |o snkČSC 1026/53/2012  |i snk2015/23383  |8 0  |f 1  |0 0  |1 0  |4 0  |d 2015-07-31  |l 0  |r 2026-02-21 19:45:51  |w 2026-02-21 
952 |a SNK  |b SNK  |y PREZ  |7 0  |p 17A1146075  |o snkČSC 1026/53/2012 D1  |i snk2015/23391  |8 0  |0 0  |1 0  |4 0  |d 2015-07-31  |l 0  |r 2026-02-21 19:45:51  |w 2026-02-21 
952 |a SNK  |b SNK  |y PREZ  |7 0  |p 17A1146074  |o snkČSC 1026/54/2013  |i snk2015/23394  |8 0  |f 1  |0 0  |1 0  |4 0  |d 2015-07-31  |l 0  |r 2026-02-21 19:45:51  |w 2026-02-21 
952 |a SNK  |b SNK  |y PREZ  |7 0  |p 17A1146073  |o snkČSC 1026/54/2013 D1  |i snk2015/23397  |8 0  |0 0  |1 0  |4 0  |d 2015-07-31  |l 0  |r 2026-02-21 19:45:53  |w 2026-02-21 
952 |a SNK  |b SNK  |y PREZ  |7 0  |p 17A1146072  |o snkČSC 1026/55/2014  |i snk2015/23400  |8 0  |f 1  |0 0  |1 0  |4 0  |d 2015-07-31  |l 0  |r 2026-02-21 19:45:53  |w 2026-02-21 
952 |a SNK  |b SNK  |y PREZ  |7 0  |p 17A1146071  |o snkČSC 1026/55/2014 D1  |i snk2015/23402  |8 0  |0 0  |1 0  |4 0  |d 2015-07-31  |l 0  |r 2026-02-21 19:45:53  |w 2026-02-21 
952 |a SNK  |b SNK  |y PREZ  |7 0  |p 17A1524128  |o snkČSC 1026/61-62/2021  |i snk2024/14203  |8 0  |0 0  |1 0  |4 0  |d 2024-09-16  |l 0  |r 2026-02-21 20:01:09  |w 2026-02-21 
952 |a SNK  |b SNK  |y PREZ  |7 0  |p 17A1524129  |o snkČSC 1026/61-62/2021 D1  |i snk2024/14204  |8 0  |0 0  |1 0  |4 0  |d 2024-09-16  |l 0  |r 2026-02-21 20:01:09  |w 2026-02-21 
952 |a SNK  |b SNK  |y PREZ  |7 0  |p 17A1524130  |o snkČSC 1026/63-64/2023  |i snk2024/14205  |8 0  |0 0  |1 0  |4 0  |d 2024-09-16  |l 0  |r 2026-02-21 20:01:09  |w 2026-02-21 
952 |a SNK  |b SNK  |y PREZ  |7 0  |p 17A0102040  |o snkČSC 1026/36/1995  |i snkKSP 3005/97  |f 1  |0 0  |1 0  |4 0  |d 1997-03-20  |l 0  |r 2005-01-02 00:00:00  |w 2026-02-21 
952 |a SNK  |b SNK  |y PREZ  |7 0  |p 17A0866597  |o snkČSC 1026/51/2010  |i snk2013/2208  |8 0  |f 1  |0 0  |1 0  |4 0  |d 2013-01-30  |l 0  |r 2026-02-21 20:15:56  |w 2026-02-21 
952 |a SNK  |b SNK  |y PREZ  |7 0  |p 17A0866598  |o snkČSC 1026/51/2010 D1  |i snk2013/2209  |8 0  |0 0  |1 0  |4 0  |d 2013-01-30  |l 0  |r 2026-02-21 20:15:56  |w 2026-02-21 
952 |a SNK  |b SNK  |y PREZ  |7 0  |p 17A0416446  |o snkČSC 1026/44/2003  |i snkPV 654/2004  |f 1  |0 0  |1 0  |4 0  |d 2004-05-11  |l 0  |r 2005-01-02 00:00:00  |w 2026-02-21 
952 |a SNK  |b SNK  |y PREZ  |7 0  |p 17A0582496  |o snkČSC 1026/47/2006 D1  |i snk2008/14619  |8 0  |0 0  |1 0  |4 0  |d 2008-07-28  |l 0  |r 2026-02-21 20:21:55  |w 2026-02-21 
952 |a SNK  |b SNK  |y PREZ  |7 0  |p 17A0582495  |o snkČSC 1026/47/2006  |i snk2008/14618  |8 0  |f 1  |0 0  |1 0  |4 0  |d 2008-07-28  |l 0  |r 2026-02-21 20:29:05  |w 2026-02-21 
952 |a SNK  |b SNK  |y PREZ  |7 0  |p 17A1268519  |o snkČSC 1026/58/2017 D1  |i snk2018/6886  |8 0  |0 0  |1 0  |4 0  |d 2018-03-21  |l 0  |r 2026-02-21 20:31:06  |w 2026-02-21 
952 |a SNK  |b SNK  |y PREZ  |7 0  |p 17A1268516  |o snkČSC 1026/52/2011  |i snk2018/6880  |8 1  |f 1  |0 0  |1 0  |4 0  |d 2018-03-21  |l 0  |r 2026-02-21 21:05:20  |w 2026-02-21 
952 |a SNK  |b SNK  |y PREZ  |7 0  |p 17A1268517  |o snkČSC 1026/52/2011 D1  |i snk2018/6882  |8 1  |0 0  |1 0  |4 0  |d 2018-03-21  |l 0  |r 2026-02-21 21:05:20  |w 2026-02-21 
952 |a SNK  |b SNK  |y PREZ  |7 0  |p 17A1268518  |o snkČSC 1026/58/2017  |i snk2018/6883  |8 0  |f 1  |0 0  |1 0  |4 0  |d 2018-03-21  |l 0  |r 2026-02-21 21:05:20  |w 2026-02-21 
952 |a SNK  |b SNK  |y PREZ  |7 0  |p 17A0338094  |o snkČSC 1026/41/2000  |i snkKSP 3299/2002  |f 1  |0 0  |1 0  |4 0  |d 2002-03-26  |l 0  |r 2005-01-02 00:00:00  |w 2026-02-21 
952 |a SNK  |b SNK  |y PREZ  |7 0  |p 17A0338095  |o snkČSC 1026/41/2000 D1  |i snkKSP 3300/2002  |0 0  |1 0  |4 0  |d 2002-03-26  |l 0  |r 2005-01-02 00:00:00  |w 2026-02-21 
952 |a SNK  |b SNK  |y PREZ  |7 0  |p 17A0338088  |o snkČSC 1026/40/1999  |i snkKSP 3272/2002  |f 1  |0 0  |1 0  |4 0  |d 2002-03-26  |l 0  |r 2005-01-02 00:00:00  |w 2026-02-21 
952 |a SNK  |b SNK  |y PREZ  |7 0  |p 17A0338089  |o snkČSC 1026/40/1999 D1  |i snkKSP 3273/2002  |0 0  |1 0  |4 0  |d 2002-03-26  |l 0  |r 2005-01-02 00:00:00  |w 2026-02-21 
952 |a SNK  |b SNK  |y PREZ  |7 0  |p 17A0582491  |o snkČSC 1026/45/2004  |i snk2008/14614  |8 0  |f 1  |0 0  |1 0  |4 0  |d 2008-07-28  |l 0  |r 2026-02-21 21:29:54  |w 2026-02-21 
952 |a SNK  |b SNK  |y PREZ  |7 0  |p 17A0582492  |o snkČSC 1026/45/2004 D1  |i snk2008/14615  |8 0  |0 0  |1 0  |4 0  |d 2008-07-28  |l 0  |r 2026-02-21 21:29:54  |w 2026-02-21 
952 |a SNK  |b SNK  |y PREZ  |7 0  |p 17A0582493  |o snkČSC 1026/46/2005  |i snk2008/14616  |8 0  |f 1  |0 0  |1 0  |4 0  |d 2008-07-28  |l 0  |r 2026-02-21 21:29:54  |w 2026-02-21 
952 |a SNK  |b SNK  |y PREZ  |7 0  |p 17A0582494  |o snkČSC 1026/46/2005 D1  |i snk2008/14617  |8 0  |0 0  |1 0  |4 0  |d 2008-07-28  |l 0  |r 2026-02-21 21:29:54  |w 2026-02-21 
952 |a SNK  |b SNK  |y PREZ  |7 0  |p 17A0582497  |o snkČSC 1026/48/2007  |i snk2008/14620  |8 0  |f 1  |0 0  |1 0  |4 0  |d 2008-07-28  |l 0  |r 2026-02-21 21:29:54  |w 2026-02-21 
952 |a SNK  |b SNK  |y PREZ  |7 0  |p 17A0582498  |o snkČSC 1026/48/2007 D1  |i snk2008/14621  |8 0  |0 0  |1 0  |4 0  |d 2008-07-28  |l 0  |r 2026-02-21 21:29:54  |w 2026-02-21 
952 |a SNK  |b SNK  |y PREZ  |7 0  |p 17A1204784  |o snkČSC 1026/57/2016  |i snk2017/1215  |8 0  |f 1  |0 0  |1 0  |4 0  |d 2017-01-16  |l 0  |r 2026-02-21 21:48:03  |w 2026-02-21 
952 |a SNK  |b SNK  |y PREZ  |7 0  |p 17A1204785  |o snkČSC 1026/57/2016 D1  |i snk2017/1216  |8 0  |0 0  |1 0  |4 0  |d 2017-01-16  |l 0  |r 2026-02-21 21:48:03  |w 2026-02-21 
952 |a SNK  |b SNK  |y PREZ  |7 0  |p 17A1085078  |o snkČSC 1026/56/2015  |i snk2016/2171  |8 0  |f 1  |0 0  |1 0  |4 0  |d 2016-01-27  |l 0  |r 2026-02-21 21:54:02  |w 2026-02-21 
952 |a SNK  |b SNK  |y PREZ  |7 0  |p 17A1085079  |o snkČSC 1026/56/2015 D1  |i snk2016/2172  |8 0  |0 0  |1 0  |4 0  |d 2016-01-27  |l 0  |r 2026-02-21 21:54:02  |w 2026-02-21 
952 |a SNK  |b SNK  |y PREZ  |7 0  |p 17A1268510  |o snkČSC 1026/49/2008  |i snk2018/6870  |8 1  |f 1  |0 0  |1 0  |4 0  |d 2018-03-21  |l 0  |r 2026-02-21 21:57:11  |w 2026-02-21 
952 |a SNK  |b SNK  |y PREZ  |7 0  |p 17A1268512  |o snkČSC 1026/50/2009  |i snk2018/6872  |8 1  |f 1  |0 0  |1 0  |4 0  |d 2018-03-21  |l 0  |r 2026-02-21 21:57:11  |w 2026-02-21 
952 |a SNK  |b SNK  |y PREZ  |7 0  |p 17A1268513  |o snkČSC 1026/50/2009 D1  |i snk2018/6873  |8 1  |0 0  |1 0  |4 0  |d 2018-03-21  |l 0  |r 2026-02-21 21:57:11  |w 2026-02-21 
952 |a SNK  |b SNK  |y PREZ  |7 0  |p 17A1268514  |o snkČSC 1026/50/2009/príl.  |i snk2018/6872  |8 1  |z Príloha: Slovenské minerály - encyklopedický prehľad. Časť - 8 . Literatúra / Rudolf Duda  |f 1  |0 0  |1 0  |4 0  |d 2018-03-21  |l 0  |r 2026-02-21 21:57:11  |w 2026-02-21 
952 |a SNK  |b SNK  |y PREZ  |7 0  |p 17A1268515  |o snkČSC 1026/50/2009/príl. D1  |i snk2018/6873  |8 1  |z Príloha: Slovenské minerály - encyklopedický prehľad. Časť - 8 . Literatúra / Rudolf Duda  |0 0  |1 0  |4 0  |d 2018-03-21  |l 0  |r 2026-02-21 21:57:11  |w 2026-02-21 
952 |a SNK  |b SNK  |y PREZ  |7 0  |p 17A1268511  |o snkČSC 1026/49/2008 D1  |i snk2018/6871  |8 1  |0 0  |1 0  |4 0  |d 2018-03-21  |l 0  |r 2026-02-21 22:24:15  |w 2026-02-21 
952 |t 1  |a SNK  |b SNK  |y NEVYP  |7 1  |p 17A1559625  |o snkČSC 1026/65-66/2025  |i snk2026/6791  |8 0  |z Na obale: 70 Prírodovedný odbor VSM  |0 0  |1 0  |2 udc  |4 0  |d 2026-05-07  |l 0  |r 2026-05-07 09:58:00  |w 2026-05-07